Судебно-медицинская процессуалистика (Запись № 10595003)

Подробности
000 -МАРКЕР
контрольное поле 02061nam0a2200445 i 4500
001 - ИДЕНТИФИКАТОР ЗАПИСИ
контрольное поле RU\NLR\BIBL_A\010301314
005 - ИДЕНТИФИКАТОР ВЕРСИИ
контрольное поле 20241101004741.0
010 ## - МЕЖДУНАРОДНЫЙ СТАНДАРТНЫЙ НОМЕР КНИГИ (ISBN)
Номер (ISBN) 9785369013175
Уточнения РИОР
010 ## - МЕЖДУНАРОДНЫЙ СТАНДАРТНЫЙ НОМЕР КНИГИ (ISBN)
Номер (ISBN) 978-5-16-009458-8
Уточнения ИНФРА-М
010 ## - МЕЖДУНАРОДНЫЙ СТАНДАРТНЫЙ НОМЕР КНИГИ (ISBN)
Номер (ISBN) 978-5-16-100586-6
Уточнения ИНФРА-М
Тираж 500
021 ## - НОМЕР ГОСУДАРСТВЕННОЙ РЕГИСТРАЦИИ
Код страны российская федерация
Номер 2014-3950
Номер Листа государственной регистраци 241
035 ## - ДРУГИЕ СИСТЕМНЫЕ НОМЕРА
Идентификатор записи (NILC)RuMoRGB-006738652
035 ## - ДРУГИЕ СИСТЕМНЫЕ НОМЕРА
Идентификатор записи (NLR Aleph) 010301314
100 ## - ДАННЫЕ ОБЩЕЙ ОБРАБОТКИ
Данные общей обработки 20140402d2013 k y0rusy50 ca
101 0# - ЯЗЫК РЕСУРСА
Язык текста, звукозаписи и т.д. русский
Язык резюме английский
Язык оглавления английский
-- русский
102 ## - СТРАНА ПУБЛИКАЦИИ ИЛИ ПРОИЗВОДСТВА
Страна публикации российская федерация
105 ## - ПОЛЕ КОДИРОВАННЫХ ДАННЫХ: ТЕКСТОВЫЕ МАТЕРИАЛЫ, МОНОГРАФИЧЕСКИЕ
Кодированные данные о монографическом текстовом документе y|||7|||001yy
200 1# - ЗАГЛАВИЕ И СВЕДЕНИЯ ОБ ОТВЕТСТВЕННОСТИ
Основное заглавие Судебно-медицинская процессуалистика
Параллельное заглавие Forensic medicine and legal proceedings
Сведения, относящиеся к заглавию монография
Первые сведения об ответственности Д.С. Кадочников, В.А. Ракитин
Язык параллельного заглавия английский
210 ## - ПУБЛИКАЦИЯ, РАСПРОСТРАНЕНИЕ И ДР.
Место издания, распространения и т.д. Москва
Имя издателя, распространителя и т. д. РИОР
-- ИНФРА-М
Дата издания, распространения и т.д. 2013
-- (макет 2014)
215 ## - ФИЗИЧЕСКАЯ ХАРАКТЕРИСТИКА
Специфическое обозначение материала и объем 290, [1] с.
Размеры 21
225 1# - СЕРИЯ
Основное заглавие серии Научная мысль
300 ## - ОБЩИЕ ПРИМЕЧАНИЯ
Текст примечания Авт. также на англ. яз.: D.S. Kadochnikov, V.A. Rakitin
300 ## - ОБЩИЕ ПРИМЕЧАНИЯ
Текст примечания На 4-й с. обл. 1-й авт.: Кадочников Д.С., д.м.н., юрист
300 ## - ОБЩИЕ ПРИМЕЧАНИЯ
Текст примечания Рез. на англ. яз.
320 ## - ПРИМЕЧАНИЯ О НАЛИЧИИ В ДОКУМЕНТЕ БИБЛИОГРАФИИ / УКАЗАТЕЛЯ
Текст примечания Библиогр. в конце гл.
510 1# - ПАРАЛЛЕЛЬНОЕ ЗАГЛАВИЕ
Связь между полями z92790
Параллельное заглавие Forensic medicine and legal proceedings
Язык заглавия английский
606 1# - НАИМЕНОВАНИЕ ТЕМЫ КАК ПРЕДМЕТ
Наименование темы Судебно-медицинская экспертиза
Тематический подзаголовок Организация
Системный номер авторитетной/нормативной записи 2208462
Идентификатор авторитетной/нормативной записи RU\NLR\AUTH\6601560948
686 1# - ИНДЕКСЫ ДРУГИХ КЛАССИФИКАЦИЙ
Индекс Х629.341.311
686 1# - ИНДЕКСЫ ДРУГИХ КЛАССИФИКАЦИЙ
Индекс Р811
700 #1 - ИМЯ ЛИЦА - ПЕРВИЧНАЯ ОТВЕТСТВЕННОСТЬ
Начальный элемент ввода Кадочников
Часть имени, кроме начального элемента ввода Д. С.
Расширение инициалов личного имени Дмитрий Сергеевич
Системный номер авторитетной/нормативной записи 139385
Идентификатор авторитетной/нормативной записи RU\NLR\AUTH\770139420
701 #1 - ИМЯ ЛИЦА - АЛЬТЕРНАТИВНАЯ ОТВЕТСТВЕННОСТЬ
Начальный элемент ввода Ракитин
Часть имени, кроме начального элемента ввода В. А.
Расширение инициалов личного имени Валерий Алексеевич
Системный номер авторитетной/нормативной записи 139400
Идентификатор авторитетной/нормативной записи RU\NLR\AUTH\770139435
790 #1 - ИМЯ ЛИЦА - АЛЬТЕРНАТИВНАЯ ФОРМА
Графика поля Латинская
Материалы, к которым относится поле rus
Начальный элемент ввода Kadočnikov
Часть имени, кроме начального элемента ввода D. S.
Расширение инициалов личного имени Dmitrij Sergeevič
Системный номер авторитетной/нормативной записи 139392
Идентификатор авторитетной/нормативной записи RU\NLR\AUTH\770139427
790 #1 - ИМЯ ЛИЦА - АЛЬТЕРНАТИВНАЯ ФОРМА
Графика поля Латинская
Материалы, к которым относится поле rus
Начальный элемент ввода Rakitin
Часть имени, кроме начального элемента ввода V. A.
Расширение инициалов личного имени Valerij Alekseevič
Системный номер авторитетной/нормативной записи 139409
Идентификатор авторитетной/нормативной записи RU\NLR\AUTH\770139444
801 #0 - ИСТОЧНИК ЗАПИСИ
Страна российская федерация
Организация РГБ
Дата составления 20140213
Правила каталогизации RCR
801 #1 - ИСТОЧНИК ЗАПИСИ
Страна российская федерация
Организация РГБ
Дата составления 20140213
Источник данных rusmarc
942 ## - ДОПОЛНИТЕЛЬНЫЕ ЭЛЕМЕНТЫ ЗАПИСИ (АБИС)
Тип экземпляра АБИС Книга
980 ## - КОЛЛЕКЦИЯ
Название коллекции НБР

Нет доступных экземпляров.